DSE (HI) FUNDAMENTALS OF SPEECH AND SPEECH TEACHING (Record no. 18013)
[ view plain ]
| 000 -LEADER | |
|---|---|
| fixed length control field | 00316nam a22001337a 4500 |
| 003 - CONTROL NUMBER IDENTIFIER | |
| control field | SGT |
| 020 ## - INTERNATIONAL STANDARD BOOK NUMBER | |
| International Standard Book Number | 978-81-7391-807-4 |
| 082 ## - DEWEY DECIMAL CLASSIFICATION NUMBER | |
| Classification number | 617.8 |
| Item number | D18R |
| 100 ## - MAIN ENTRY--PERSONAL NAME | |
| Personal name | RELEKAR, SADHANA |
| 245 ## - TITLE STATEMENT | |
| Title | DSE (HI) FUNDAMENTALS OF SPEECH AND SPEECH TEACHING |
| 260 ## - PUBLICATION, DISTRIBUTION, ETC. (IMPRINT) | |
| Place of publication, distribution, etc | INDIA |
| Name of publisher, distributor, etc | RCI |
| Year of Publication | 2018 |
| 300 ## - PAGE DESCRIPTION | |
| No. of Pages | 147 |
| 942 ## - ADDED ENTRY ELEMENTS (KOHA) | |
| Source of classification or shelving scheme | Dewey Decimal Classification |
| Koha item type | Books |
| 942 ## - ADDED ENTRY ELEMENTS (KOHA) | |
| -- | 3 |
| Withdrawn status | Lost status | Source of classification or shelving scheme | Damaged status | Not for loan | Collection code | Home library | Current library | Shelving location | Date acquired | SGTU | Total Checkouts | Full call number | Accession No. (Barcode) | Date last seen | Bill Date | Koha item type | Date last borrowed |
|---|---|---|---|---|---|---|---|---|---|---|---|---|---|---|---|---|---|
| Dewey Decimal Classification | Not For Loan | MEDICAL | SGT Medical Library | SGT Medical Library | Reference Book | 15/05/2019 | SGTU | 617.8 D18R | FM11313 | 15/05/2019 | 15/05/2019 | Books | |||||
| Dewey Decimal Classification | Not For Loan | MEDICAL | SGT Medical Library | SGT Medical Library | Reference Book | 15/05/2019 | SGTU | 617.8 D18R | FM11314 | 15/05/2019 | 15/05/2019 | Books | |||||
| Dewey Decimal Classification | MEDICAL | SGT Medical Library | SGT Medical Library | Text Book | 15/05/2019 | SGTU | 3 | 617.8 D18R | FM11315 | 22/11/2024 | 15/05/2019 | Books | 22/11/2024 |